[Event "European Rapid Championship"]
[Site "Warsaw POL"]
[Date "2010.12.18"]
[Round "1"]
[White "Korobov,A"]
[Black "Ni,P"]
[Result "1-0"]
[WhiteElo "2684"]
[BlackElo "1874"]

1.d4 Nf6 2.c4 e6 3.Nf3 b6 4.Nc3 Bb4 5.Bg5 h6 6.Bh4 Bb7 7.Nd2 Bxc3 8.bxc3 d6
9.f3 Nbd7 10.e4 e5 11.Bd3 O-O 12.Nf1 c5 13.Ne3 g5 14.Bf2 Nh5 15.Nf5 Qf6 16.h4 Nf4
17.hxg5 Qxg5 18.Nxh6+ Kg7 19.Nf5+ Kg8 20.g3 Ng6 21.Be3 Qf6 22.d5 Bc8 23.Qd2 Qd8
24.Qh2 Nf6 25.Bg5 Re8 26.g4 Bxf5 27.gxf5  1-0

[Event "European Rapid Championship"]
[Site "Warsaw POL"]
[Date "2010.12.18"]
[Round "3"]
[White "Korobov,A"]
[Black "Gashimov,S"]
[Result "1-0"]
[WhiteElo "2684"]
[BlackElo "2351"]

1.d4 Nf6 2.c4 e6 3.Nf3 b6 4.Nc3 Bb4 5.Bg5 Bb7 6.e3 h6 7.Bh4 Bxc3+ 8.bxc3 d6
9.Bd3 Nbd7 10.O-O Qe7 11.Nd2 g5 12.Bg3 O-O-O 13.e4 e5 14.Re1 h5 15.h4 Rdg8
16.Nf3 gxh4 17.Nxh4 Ng4 18.Nf5 Qe8 19.Bh4 f6 20.Qd2 Qf8 21.c5 Nh6 22.Nxh6 Rxh6
23.cxb6 axb6 24.f3 f5 25.d5 Nc5 26.exf5 Nxd3 27.Qxd3 Qg7 28.Re2 Qf7 29.c4 Rf8
30.f6 Rg6 31.a4 Rfg8 32.a5 bxa5 33.Rxa5 Qd7 34.Raa2 Qf7 35.Reb2 Qd7 36.Qb3 c6
37.Ra8+  1-0

[Event "European Rapid Championship"]
[Site "Warsaw POL"]
[Date "2010.12.18"]
[Round "4"]
[White "Warakomski,T"]
[Black "Korobov,A"]
[Result "0-1"]
[WhiteElo "2472"]
[BlackElo "2684"]

1.e4 c5 2.Nf3 d6 3.d4 cxd4 4.Nxd4 Nf6 5.Nc3 Nc6 6.f4 e6 7.Nf3 Be7 8.Bd3 a6
9.a4 d5 10.e5 Nd7 11.Be3 Bc5 12.Bxc5 Nxc5 13.O-O Qb6 14.Kh1 Qxb2 15.Qe1 Qb4
16.f5 Nxd3 17.cxd3 d4 18.Ne2 Qxe1 19.Raxe1 exf5 20.Nexd4 Nxd4 21.Nxd4 g6
22.a5 Ke7 23.Nb3 Rd8 24.Nc5 Rd5 25.Na4 Rxa5 26.Nb6 Rb8 27.d4 Be6 28.Rb1 Rd8
29.Rfd1 f6 30.exf6+ Kxf6 31.Kg1 Rb5  0-1

[Event "European Rapid Championship"]
[Site "Warsaw POL"]
[Date "2010.12.18"]
[Round "5"]
[White "Korobov,A"]
[Black "Dziuba,M"]
[Result "1-0"]
[WhiteElo "2684"]
[BlackElo "2584"]

1.d4 d5 2.c4 c6 3.Nc3 Nf6 4.Nf3 dxc4 5.a4 Bf5 6.Ne5 Nbd7 7.Nxc4 Nb6 8.Ne5 a5
9.g3 e6 10.Bg2 Bb4 11.O-O O-O 12.e3 h6 13.Qe2 Bh7 14.Rd1 Nbd7 15.Nxd7 Nxd7
16.e4 Qe7 17.Be3 Rfd8 18.f4 f5 19.d5 Bxc3 20.d6 Qf7 21.bxc3 fxe4 22.Rab1 Nf6
23.c4 Rd7 24.c5 Bf5 25.Re1 Nd5 26.Bd4 e3 27.Rbc1 Nb4 28.Red1 Re8 29.Qxe3 Bc2
30.Re1 Bf5 31.Re2 b6 32.cxb6 Rxd6 33.Bc5 Rd3 34.Qe5 Qb7 35.Bxb4 axb4 36.a5 Rc8
37.Rb2 Qd7 38.a6 Rd1+ 39.Rxd1 Qxd1+ 40.Kf2 Rd8 41.b7 Kh7 42.a7 Rd2+ 43.Rxd2 Qxd2+
44.Qe2 Qd4+ 45.Qe3 Qb2+ 46.Kg1 Qa1+ 47.Bf1 Bh3 48.Qd3+  1-0

[Event "European Rapid Championship"]
[Site "Warsaw POL"]
[Date "2010.12.18"]
[Round "6"]
[White "Kempinski,R"]
[Black "Korobov,A"]
[Result "1/2-1/2"]
[WhiteElo "2597"]
[BlackElo "2684"]

1.d4 d5 2.c4 c6 3.e3 Nf6 4.Nf3 e6 5.Nbd2 c5 6.b3 Nc6 7.Bb2 cxd4 8.exd4 Be7
9.Bd3 O-O 10.O-O b6 11.Rc1 Bb7 12.Qe2 Rc8 13.Rfd1 Re8 14.Ne5 dxc4 15.Ndxc4 Nb4
16.Bb1 Nbd5 17.Qf3 Bf8 18.Bxh7+ Kxh7 19.Nxf7 Qc7 20.Nce5 Kg8 21.Rxc7 Rxc7
22.Ng5 Nc3 23.Qxc3 Rxc3 24.Bxc3 Rc8 25.Bd2 Rc2 26.Nxe6 Rxa2 27.Nxf8 Kxf8
28.h3 Bd5 29.Bb4+ Kg8 30.Rc1 Bxb3 31.Rc8+ Kh7 32.Bf8 Nd5 33.Ra8 Nf4 34.Kh2 Ne6
35.f3 Nxd4 36.Bb4 Bd5 37.Rf8 a5 38.Bc3 Ne6 39.Rb8 Nf4 40.Rxb6 Rxg2+ 41.Kh1 Rc2
42.Bxa5 Nxh3 43.Rb4 g5 44.Rd4 Be6  1/2-1/2

[Event "European Rapid Championship"]
[Site "Warsaw POL"]
[Date "2010.12.18"]
[Round "8"]
[White "Andriasian,Z"]
[Black "Korobov,A"]
[Result "1/2-1/2"]
[WhiteElo "2585"]
[BlackElo "2684"]

1.e4 e6 2.d3 d5 3.Nd2 c5 4.Ngf3 Bd6 5.g3 Ne7 6.Bg2 Nbc6 7.O-O O-O 8.Re1 Bc7
9.Qe2 b5 10.h4 a5 11.h5 h6 12.Nf1 b4 13.e5 f6 14.Bf4 fxe5 15.Nxe5 Nxe5 16.Bxe5 Bxe5
17.Qxe5 Nc6 18.Qe3 Qd6 19.c3 Bd7 20.Nd2 Rf5 21.Nb3 d4 22.cxd4 cxd4 23.Qe2 Raf8
24.Rf1 Be8 25.Rac1 Ne7 26.Qe4 Bxh5 27.Qxd4 Rd8 28.Qxd6 Rxd6 29.Be4 Rg5 30.Rc7 Kf8
31.Nc5 Nd5 32.Rc8+ Ke7 33.Re1 Nf6 34.Kg2 Nxe4 35.Nxe4 Rf5 36.Nxd6 Bf3+ 37.Kg1 Kxd6
38.Re3 g5 39.Kf1 h5 40.Re8 Bd5 41.Rh8 g4 42.a3 bxa3 43.bxa3 Kc5 44.Ke2 Kd4
45.Rd8 Kc3 46.d4+ Kb2 47.a4 Rf7 48.Rb8+ Kc2 49.Rc8+ Kb2 50.Rc5 Rd7 51.Kd3 Ra7
52.Re1 Kb3 53.Ra1 Kb2 54.Rcc1 Ba2 55.Re1 Rc7 56.Rad1 Rc3+ 57.Ke4 Bb3 58.Ra1 Rf3
59.Rf1 Rf5 60.Ke3 Rf3+ 61.Ke4 Rf5 62.Ke3 Rf3+ 63.Ke4 Rf5  1/2-1/2

[Event "European Rapid Championship"]
[Site "Warsaw POL"]
[Date "2010.12.19"]
[Round "9"]
[White "Korobov,A"]
[Black "Markowski,T"]
[Result "1-0"]
[WhiteElo "2684"]
[BlackElo "2625"]

1.d4 d6 2.Nf3 g6 3.e4 Bg7 4.Nc3 Nf6 5.Be2 O-O 6.h3 c5 7.d5 b5 8.Nxb5 Nxe4
9.O-O a6 10.Na3 Nd7 11.Re1 Rb8 12.Bd3 Nef6 13.c4 Nb6 14.Rb1 Bd7 15.b3 a5
16.Bd2 a4 17.b4 cxb4 18.Rxb4 Re8 19.Nd4 Qc7 20.Nab5 Bxb5 21.Nxb5 Qc5 22.a3 Nfd7
23.Be3 Qc8 24.Na7 Qc7 25.Nc6 Ra8 26.Qb1 Ra6 27.Rb5 Kf8 28.Qb4 Nc5 29.Bxc5 dxc5
30.Qxc5 Nd7 31.Qb4 Ne5 32.Nxe5 Bxe5 33.Rb7 Bh2+ 34.Kh1 Qf4 35.Re4  1-0

[Event "European Rapid Championship"]
[Site "Warsaw POL"]
[Date "2010.12.19"]
[Round "10"]
[White "Korobov,A"]
[Black "Macieja,B"]
[Result "1-0"]
[WhiteElo "2684"]
[BlackElo "2636"]

1.d4 Nf6 2.c4 e6 3.Nc3 Bb4 4.e3 O-O 5.Bd3 c5 6.Nf3 d5 7.O-O cxd4 8.exd4 dxc4
9.Bxc4 Nbd7 10.Bd3 b6 11.a3 Bxc3 12.bxc3 Bb7 13.Re1 Re8 14.Bg5 Qc7 15.c4 Rac8
16.Ne5 Nxe5 17.dxe5 Nd7 18.Qh5 Nf8 19.Re3 Qc6 20.Rg3 Rc7 21.Bxh7+ Nxh7 22.Bf6 Qxc4
23.Rxg7+ Kf8 24.Qh6 Rec8 25.Rg8+  1-0

[Event "European Rapid Championship"]
[Site "Warsaw POL"]
[Date "2010.12.19"]
[Round "13"]
[White "Korobov,A"]
[Black "Fridman,D"]
[Result "1-0"]
[WhiteElo "2684"]
[BlackElo "2645"]

1.d4 d5 2.c4 e6 3.Nc3 Be7 4.cxd5 exd5 5.Bf4 Nf6 6.e3 Bf5 7.Nge2 O-O 8.Ng3 Be6
9.Bd3 c5 10.dxc5 Bxc5 11.O-O Nc6 12.Rc1 d4 13.Nb5 Bb6 14.e4 Ng4 15.Nd6 Nge5
16.Ngf5 Qd7 17.Bb5 Bxf5 18.Nxf5 f6 19.Bxe5 fxe5 20.Qg4 Rad8 21.Qg3 g6 22.Rxc6 bxc6
23.Bc4+ Rf7 24.Nh6+  1-0

[Event "TCh-UKR Clubs 2011"]
[Site "Alushta UKR"]
[Date "2011.05.13"]
[Round "1.5"]
[White "Korobov,A"]
[Black "Mikhaletz,L"]
[Result "1-0"]
[WhiteElo "2660"]
[BlackElo "2467"]

1.d4 d6 2.Nf3 Bg4 3.e4 Nf6 4.Nc3 Nc6 5.d5 Nb8 6.Qd4 e5 7.dxe6 Bxe6 8.Ng5 Nc6
9.Bb5 Bd7 10.Qc4 Qe7 11.O-O a6 12.Bxc6 Bxc6 13.Bf4 h6 14.Nf3 Qe6 15.Qd3 Qg4
16.Bg3 Be7 17.e5 Ne4 18.exd6 Nxg3 19.hxg3 Bxd6 20.Rfe1+ Kf8 21.Ne4 Rd8 22.Ne5 Bxe4
23.Rxe4 Qc8 24.Qf3 Bxe5 25.Rxe5 h5 26.Rae1 Rh6 27.Re7 Rf6 28.Qxh5 Kg8 29.R1e4 Rf8
30.g4 Rh6 31.Qe5 Qd8 32.Rd4 Rd6 33.c3 b5 34.g5 Rxd4 35.cxd4  1-0

[Event "TCh-UKR Clubs 2011"]
[Site "Alushta UKR"]
[Date "2011.05.19"]
[Round "7.2"]
[White "Ledakov,A"]
[Black "Korobov,A"]
[Result "0-1"]
[WhiteElo "2215"]
[BlackElo "2660"]

1.d4 Nf6 2.Nf3 e6 3.Bg5 c5 4.e3 Qb6 5.Bxf6 gxf6 6.Nbd2 Nc6 7.Nc4 Qc7 8.d5 exd5
9.Qxd5 Nb4 10.Qd2 d5 11.c3 dxc4 12.cxb4 Be6 13.b5 a6 14.b6 Qxb6 15.Rc1 Rd8
16.Qc3 Rg8 17.Rg1 Rg4 18.Nd2 f5 19.h3 Bg7 20.Qc2 Rg6 21.Bxc4 Qxb2 22.Bxe6 Rxe6
23.Qxb2 Bxb2 24.Rxc5 f4 25.e4 f5 26.Rc2 Bd4 27.Nf3  0-1

[Event "TCh-CZE Extraliga 2011-12"]
[Site "Czech Republic CZE"]
[Date "2011.10.09"]
[Round "2.1"]
[White "Najer,E"]
[Black "Korobov,A"]
[Result "0-1"]
[WhiteElo "2637"]
[BlackElo "2671"]

1.e4 e6 2.d4 d5 3.Nc3 Bb4 4.e5 c5 5.a3 Ba5 6.b4 cxd4 7.Qg4 Ne7 8.bxa5 dxc3
9.Qxg7 Rg8 10.Qxh7 Nbc6 11.Nf3 Qc7 12.Bf4 Bd7 13.a6 O-O-O 14.Qd3 Rg4 15.Bg3 Re4+
16.Kd1 Na5 17.axb7+ Kb8 18.Be2 Nf5 19.Re1 Qc5 20.Rb1 Ba4 21.Qa6 Qxa3 22.Bb5 Qa2
23.Rc1 Bxc2+ 24.Rxc2 Qb1+ 25.Rc1 c2+  0-1

[Event "TCh-CZE Extraliga 2011-12"]
[Site "Czech Republic CZE"]
[Date "2011.12.03"]
[Round "3.1"]
[White "Korobov,A"]
[Black "Pacher,M"]
[Result "1-0"]
[WhiteElo "2671"]
[BlackElo "2403"]

1.d4 Nf6 2.c4 e6 3.Nc3 Bb4 4.e3 O-O 5.Bd3 d5 6.Nf3 c5 7.O-O Nc6 8.a3 Bxc3
9.bxc3 b6 10.cxd5 exd5 11.Ne5 Nxe5 12.dxe5 Ne4 13.c4 f5 14.Qc2 Be6 15.Rd1 Qe7
16.cxd5 Bxd5 17.Bb2 Qe6 18.f3 Bb3 19.Qc1 Ng5 20.Qc3 g6 21.Bb5 Bxd1 22.Rxd1 Nf7
23.Bc4  1-0

[Event "TCh-CZE Extraliga 2011-12"]
[Site "Czech Republic CZE"]
[Date "2012.01.08"]
[Round "6.1"]
[White "Korobov,A"]
[Black "Babula,V"]
[Result "1/2-1/2"]
[WhiteElo "2671"]
[BlackElo "2572"]

1.d4 Nf6 2.c4 e6 3.Nc3 Bb4 4.e3 O-O 5.Bd3 d5 6.Nf3 b6 7.O-O Bb7 8.cxd5 exd5
9.a3 Bd6 10.b4 a6 11.Qb3 Qe7 12.Rb1 Nbd7 13.a4 c6 14.Nd2 a5 15.bxa5 c5 16.a6 c4
17.axb7 cxb3 18.bxa8=Q Rxa8 19.Rxb3 Bb4 20.Ndb1 g6 21.Ba3 Bxa3 22.Nxa3 Nf8
23.Nc2 Rc8 24.Rfb1 Ne6 25.Nb4 Qd8 26.Ba6 Rc7 27.Nba2 Kg7 28.Rxb6 Ne4 29.Nxe4 dxe4
30.R6b2 Qd6 31.Bb7 Qa3 32.Bxe4 Qxa4 33.Nb4 h5 34.h3 Ng5 35.Bd5 Qd7 36.e4 h4
37.Nd3 Nxe4 38.Bxe4 Qxd4 39.Rb4 Rc4 40.Rxc4 Qxc4 41.Rb4 Qc3 42.Rb7 Qd4 43.Rb4 Qc3  1/2-1/2

[Event "TCh-CZE Extraliga 2011-12"]
[Site "Czech Republic CZE"]
[Date "2012.03.04"]
[Round "8.1"]
[White "Korobov,A"]
[Black "Polak,T"]
[Result "1-0"]
[WhiteElo "2671"]
[BlackElo "2543"]

1.d4 Nf6 2.c4 c5 3.e3 g6 4.Nc3 Bg7 5.Nf3 O-O 6.Be2 cxd4 7.exd4 d5 8.h3 Nc6
9.O-O b6 10.Bg5 Bb7 11.Re1 Rc8 12.cxd5 Nxd5 13.Qd2 Re8 14.Rac1 Nxc3 15.bxc3 Qd5
16.Bd3 Qd6 17.Bf4 Qa3 18.h4 Qa5 19.Bh6 Red8 20.Bxg7 Kxg7 21.Qf4 Qd5 22.h5 Qd6
23.Qg4 Qf6 24.Rc2 Rc7 25.Rce2 Bc8 26.Qg3 Qd6 27.Qh4 f6 28.Bb5 Nb8 29.c4 g5
30.h6+ Kh8 31.Qh5 Rf8 32.d5 a6 33.Ba4 b5 34.cxb5 axb5 35.Bb3 Na6 36.Nd4 Qf4
37.Re4 Rc1 38.Qe2 Rxe1+ 39.Qxe1 Qd6 40.Nxb5 Qc5 41.a4 Bb7 42.Rxe7 Bxd5 43.Bxd5 Qxd5
44.Qb1  1-0

[Event "4th GM POL-UKR Match"]
[Site "Lublin POL"]
[Date "2012.05.25"]
[Round "2"]
[White "Miton,K"]
[Black "Korobov,A"]
[Result "0-1"]
[WhiteElo "2622"]
[BlackElo "2678"]

1.d4 Nf6 2.c4 g6 3.Nf3 Bg7 4.g3 O-O 5.Bg2 d6 6.O-O Nc6 7.Nc3 a6 8.b3 Rb8
9.Bb2 b5 10.cxb5 axb5 11.Qc2 Nb4 12.Qd2 Bb7 13.Rfd1 Na6 14.Ne1 Bxg2 15.Nxg2 Qc8
16.Rac1 Qb7 17.Ne3 Bh6 18.f4 e6 19.Qe1 Bg7 20.Qf1 Nb4 21.Qf3 Nbd5 22.Nf1 Qa7
23.a3 b4 24.Nxd5 Nxd5 25.axb4 Rxb4 26.e4 Ne7 27.Rc4 Rxc4 28.bxc4 Rb8 29.Bc3 Rb3
30.e5 dxe5 31.fxe5 Bxe5 32.Kg2 Bg7 33.Nd2 Ra3 34.Rb1 Nf5 35.Qc6 Qa8 36.Qxa8+ Rxa8
37.Ne4 Bxd4 38.Bxd4 Nxd4 39.Rb7 Ra2+ 40.Kh3 f5 41.Nf6+ Kg7 42.Ne8+ Kh6  0-1

[Event "4th GM POL-UKR Match"]
[Site "Lublin POL"]
[Date "2012.05.28"]
[Round "5"]
[White "Swiercz,D"]
[Black "Korobov,A"]
[Result "1-0"]
[WhiteElo "2585"]
[BlackElo "2678"]

1.e4 c5 2.Nf3 d6 3.d4 cxd4 4.Nxd4 Nf6 5.Nc3 a6 6.Bg5 Nbd7 7.f4 e5 8.Nf5 Qb6
9.Qd2 Qxb2 10.Rb1 Qa3 11.fxe5 dxe5 12.Bc4 Qa5 13.O-O Qc5+ 14.Ne3 b5 15.Bd5 Ra7
16.Kh1 Rc7 17.Rb3 b4 18.Ncd1 Bb7 19.Rd3 Nxd5 20.Nxd5 Rc8 21.N1e3 f6 22.Bh4 Qc6
23.Qd1 h5 24.Qf3 Qe6 25.Rdd1 a5 26.Nf5 g6 27.Bxf6 Rh7 28.Nfe3 Bh6 29.Bh4 Rf7
30.Qg3 Bxe3 31.Rxf7 Qxf7 32.Nxe3 Bxe4 33.Qg5 a4 34.Nc4 Kf8 35.Nd6 Qxa2 36.Nxc8 Bf5
37.Qd8+ Kg7 38.Rxd7+ Bxd7 39.Qxd7+ Kh6 40.Qd2+ Kh7 41.Qxb4 a3 42.h3 Qa1+
43.Kh2 Qc1  1-0

[Event "4th GM POL-UKR Rapid Match"]
[Site "Lublin POL"]
[Date "2012.05.29"]
[Round "1"]
[White "Macieja,B"]
[Black "Korobov,A"]
[Result "1/2-1/2"]
[WhiteElo "2614"]
[BlackElo "2678"]

1.e4 c5 2.Nf3 d6 3.d4 cxd4 4.Qxd4 a6 5.c4 Nc6 6.Qe3 g6 7.h3 Nf6 8.Be2 Bg7
9.O-O O-O 10.Nc3 Be6 11.Rd1 Nd7 12.Rb1 Rc8 13.b4 a5 14.a3 h6 15.Nd5 axb4
16.axb4 Nde5 17.Nxe5 dxe5 18.Nb6 Nd4 19.Nxc8 Qxc8 20.c5 f5 21.f3 fxe4 22.fxe4 b6
23.cxb6 Qc2 24.Bd2 Qc6 25.Rdc1 Qxb6 26.Bc4 Bxc4 27.Rxc4 Bf6 28.Kh1 Bg5 29.Qd3 Qe6
30.Bxg5 hxg5 31.Rxd4 exd4 32.Qxd4 g4 33.Qd5 Qxd5 34.exd5 gxh3 35.gxh3 Rb8
36.b5 Kf7 37.h4 Rb7 38.h5 Rb6 39.h6  1/2-1/2

[Event "4th GM POL-UKR Rapid Match"]
[Site "Lublin POL"]
[Date "2012.05.29"]
[Round "2"]
[White "Korobov,A"]
[Black "Miton,K"]
[Result "1-0"]
[WhiteElo "2678"]
[BlackElo "2622"]

1.d4 d5 2.c4 c6 3.Nc3 Nf6 4.Nf3 dxc4 5.a4 Bf5 6.e3 e6 7.Bxc4 Nbd7 8.O-O Bb4
9.Qe2 Bg6 10.e4 O-O 11.Bd3 Bh5 12.e5 Nd5 13.Nxd5 cxd5 14.Qe3 Be7 15.Bd2 Bg6
16.Ne1 Nb8 17.f4 Nc6 18.g4 f5 19.exf6 Bxf6 20.Bc3 Qd7 21.Bxg6 hxg6 22.h3 Rae8
23.Nd3 Be7 24.b4 Bd6 25.b5 Nb8 26.Ne5 Bxe5 27.dxe5 Rc8 28.Bb4 Rf7 29.Rac1 b6
30.Bd6 Qe8 31.Rxc8 Qxc8 32.Rc1 Qd8 33.Kg2 Nd7 34.Kg3 Nf6 35.exf6 Qxd6 36.Rc6 Qb4
37.Rc8+ Kh7 38.Qxe6 Qd2 39.Qe8 Rf8 40.Qxf8 Qe1+ 41.Kf3 Qe4+ 42.Kf2 Qxf4+
43.Ke2 Qe4+ 44.Kd2 Qd4+ 45.Kc2 Qxa4+ 46.Kb2 Qxb5+ 47.Kc3 d4+ 48.Kxd4 Qb2+
49.Kd5 Qb5+ 50.Kd6 Qb4+ 51.Kc7  1-0

[Event "4th GM POL-UKR Rapid Match"]
[Site "Lublin POL"]
[Date "2012.05.29"]
[Round "3"]
[White "Socko,B"]
[Black "Korobov,A"]
[Result "1/2-1/2"]
[WhiteElo "2635"]
[BlackElo "2678"]

1.e4 c5 2.Nf3 d6 3.d4 cxd4 4.Qxd4 Bd7 5.c4 Nc6 6.Qd2 g6 7.b3 Nf6 8.Nc3 Bg7
9.Bb2 O-O 10.Be2 Qa5 11.Nd5 Qxd2+ 12.Nxd2 Nxd5 13.Bxg7 Kxg7 14.exd5 Nd4 15.Bd3 b5
16.O-O bxc4 17.Nxc4 Rfc8 18.Rfe1 Kf8 19.Re4 Nb5 20.Rae1 Re8 21.a4 Nc3 22.Rd4 Rab8
23.Nd2 e5 24.dxe6 Bxe6 25.Bf1 d5 26.f3 Rec8 27.Ra1 a5 28.g4 Ke7 29.g5 Kd6
30.Rh4 Kc5 31.Rc1 d4 32.Ne4+ Kb6 33.Nxc3 Rxc3 34.Rd1 Rd8 35.Rdxd4 Rxd4 36.Rxd4 Rxb3
37.Kf2 Rb2+ 38.Be2 Kc5 39.Re4 Bf5 40.Rc4+ Kd5 41.Rc7 Kd6 42.Rc3 Ra2 43.Rc4 Kd5
44.Rc7 Kd6 45.Rc4 Ke5 46.Ke3 Ra3+ 47.Kf2 Be6 48.Re4+ Kf5 49.h4 f6 50.gxf6 Kxf6
51.Bb5 h6 52.Kg3 g5 53.hxg5+ hxg5 54.Bc6 Rc3 55.Bb7 g4 56.Rf4+ Ke5 57.Re4+ Kd6
58.Rd4+ Kc5 59.Rf4 Ra3 60.Kf2 gxf3 61.Bxf3 Bb3 62.Rf5+ Kb4 63.Rb5+ Kxa4 64.Bc6 Ra2+
65.Ke3 Bc4 66.Rb2+  1/2-1/2

[Event "4th GM POL-UKR Rapid Match"]
[Site "Lublin POL"]
[Date "2012.05.29"]
[Round "5"]
[White "Korobov,A"]
[Black "Swiercz,D"]
[Result "1-0"]
[WhiteElo "2678"]
[BlackElo "2585"]

1.d4 Nf6 2.c4 e6 3.Nc3 Bb4 4.e3 O-O 5.Bd3 d5 6.Nf3 c5 7.O-O Nc6 8.a3 Bxc3
9.bxc3 dxc4 10.Bxc4 Qc7 11.Bb2 e5 12.h3 Bf5 13.Qe2 Rad8 14.Rad1 a6 15.Ba2 Rfe8
16.d5 Ne7 17.c4 Ng6 18.Nd2 Qd6 19.f3 h6 20.a4 Bc2 21.a5 Bxd1 22.Rxd1 Qc7
23.Bc3 Ne7 24.g4 Nc8 25.h4 Nd6 26.Bb1 Qe7 27.Qg2 g6 28.Bc2 h5 29.Rf1 Qd7
30.g5 Nh7 31.e4 Re7 32.Qg3 Rde8 33.Ra1 f5 34.gxf6 Nxf6 35.Ba4 Qd8 36.Bxe8 Qxe8
37.Kf2 Kh7 38.Ke2 Nd7 39.Kd3 Rf7 40.Rg1 Rf6 41.Qg5 Nf7 42.Qe3 Rf4 43.Nb3 Qe7
44.Be1 b5 45.axb6 Qf6  1-0

[Event "Baku Open 2012"]
[Site "Baku AZE"]
[Date "2012.09.23"]
[Round "2.11"]
[White "Korobov,A"]
[Black "Kazimova,N"]
[Result "1-0"]
[WhiteElo "2705"]
[BlackElo "2209"]

1.d4 Nf6 2.c4 e6 3.Nc3 Bb4 4.Qc2 O-O 5.a3 Bxc3+ 6.Qxc3 b6 7.Bg5 Ba6 8.Qf3 Nc6
9.e3 Na5 10.Rc1 c5 11.d5 h6 12.h4 Re8 13.Nh3 exd5 14.Bxf6 Qxf6 15.Qxf6 gxf6
16.cxd5 Bxf1 17.Kxf1 Re5 18.Nf4 Nb7 19.g4 Kf8 20.b4 Rc8 21.bxc5 Rxc5 22.Ke2 Ke7
23.f3 Rb5 24.Rhd1 Rb2+ 25.Rd2 Rxd2+ 26.Kxd2 Nc5 27.Rh1 Kd6 28.e4 Re8 29.Nh5 Ke7
30.Ng7 Rc8 31.Nf5+ Kf8 32.g5 Nb3+ 33.Kd3 Nc1+ 34.Ke3 Rc2 35.gxh6 Re2+ 36.Kd4  1-0

[Event "Baku Open 2012"]
[Site "Baku AZE"]
[Date "2012.09.27"]
[Round "6.1"]
[White "Esen,B"]
[Black "Korobov,A"]
[Result "1/2-1/2"]
[WhiteElo "2588"]
[BlackElo "2705"]

1.d4 Nf6 2.Nf3 g6 3.c4 Bg7 4.g3 O-O 5.Bg2 Nc6 6.O-O d6 7.Nc3 a6 8.Bf4 Rb8
9.Rc1 Bd7 10.Qd3 Ng4 11.Bg5 h6 12.Bd2 e5 13.d5 Ne7 14.h3 Nf6 15.e4 Nh7 16.Be3 f5
17.Qd2 g5 18.exf5 Nxf5 19.Qd3 Nf6 20.Nd2 g4 21.h4 Nh5 22.Nce4 Nxh4 23.gxh4 Qxh4
24.Rfe1 Nf4 25.Qf1 Nh5 26.Qd3 Nf4 27.Qf1 Nh5  1/2-1/2

[Event "5th Kolkata Open"]
[Site "Kolkata IND"]
[Date "2012.12.11"]
[Round "9.4"]
[White "Vaibhav,S"]
[Black "Korobov,A"]
[Result "0-1"]
[WhiteElo "2494"]
[BlackElo "2702"]

1.e4 c5 2.Nf3 d6 3.d4 cxd4 4.Nxd4 Nf6 5.Nc3 Nc6 6.Bc4 Qb6 7.Nb3 e6 8.Bf4 Ne5
9.Be2 Bd7 10.Qd2 Be7 11.f3 a6 12.O-O-O Qc7 13.g4 b5 14.a3 Rb8 15.Qe3 O-O
16.h4 Nc4 17.Qd3 Rfc8 18.h5 e5 19.Bd2 Be6 20.g5 Nd7 21.Kb1 Ndb6 22.Nd5 Bxd5
23.exd5 Nxd2+ 24.Nxd2 Bxg5 25.Ne4 Qe7 26.Rhg1 Bf4 27.Rg2 f5 28.Rdg1 fxe4
29.Qxe4 Nd7 30.Rxg7+ Qxg7 31.Rxg7+ Kxg7 32.Qf5 Nf8 33.Qg4+ Kh6 34.Qf5 Bg5
35.Qf7 Rd8 36.Qa7 Ra8 37.Qb7 Nd7 38.Bd3 Nf6 39.Bf5 Rf8 40.Qb6 Rad8 41.Qxa6 Nxd5
42.Be4 Nc7 43.Qb7 Rf7 44.Bd5 Rg7 45.Bc6 d5 46.Bxb5 Nxb5 47.Qxb5 Rf7 48.Qe2 Re7
49.Qf2 Rf8 50.Qg3 e4 51.fxe4 dxe4 52.a4 e3 53.Qd6+ Rf6  0-1

[Event "5th Kolkata Open"]
[Site "Kolkata IND"]
[Date "2012.12.13"]
[Round "11.1"]
[White "Sethuraman,S"]
[Black "Korobov,A"]
[Result "1/2-1/2"]
[WhiteElo "2520"]
[BlackElo "2702"]

1.e4 d6 2.Nf3 a6 3.Bb5+ Nd7 4.Bxd7+ Bxd7 5.c4 c5 6.d4 cxd4 7.Qxd4 Rc8 8.Nc3 e5
9.Qd3 h6 10.O-O Nf6 11.b3 Be7 12.a4 O-O 13.Ba3 Be6 14.Rfd1 Qa5 15.Nd2 Qb6
16.Rab1 Qa5 17.Ra1 Qb6 18.Rab1  1/2-1/2

[Event "Aeroflot Open Rapid KO"]
[Site "Moscow RUS"]
[Date "2013.02.15"]
[Round "1.1"]
[White "Maletin,P"]
[Black "Korobov,A"]
[Result "0-1"]
[WhiteElo "2571"]
[BlackElo "2702"]

1.Nf3 Nf6 2.g3 b5 3.Bg2 Bb7 4.Na3 a6 5.c4 e5 6.O-O e4 7.Nh4 Bxa3 8.bxa3 bxc4
9.Bb2 O-O 10.f3 exf3 11.Bxf3 Bxf3 12.Rxf3 Ne4 13.Nf5 f6 14.d3 Ng5 15.Rf1 cxd3
16.Qxd3 Nc6 17.Rad1 Rb8 18.Bc3 Qe8 19.Qxd7 Rf7 20.Qd5 Qe4 21.h4 Qxd5 22.Rxd5 Ne4
23.Rc1 Ne7 24.Nxe7+ Rxe7 25.Rd3 Nxc3 26.Rdxc3 Rxe2 27.Rxc7 Rbb2 28.Ra7 h5
29.Kf1 Rh2 30.Kg1 Rbg2+ 31.Kf1 Rxa2  0-1

[Event "Aeroflot Open Rapid KO"]
[Site "Moscow RUS"]
[Date "2013.02.15"]
[Round "1.2"]
[White "Korobov,A"]
[Black "Maletin,P"]
[Result "1-0"]
[WhiteElo "2702"]
[BlackElo "2571"]

1.d4 d5 2.c4 c6 3.cxd5 cxd5 4.Nc3 Nf6 5.Bf4 Nc6 6.e3 a6 7.h3 Qb6 8.a3 Bf5
9.Nf3 e6 10.Bd3 Bxd3 11.Qxd3 Be7 12.O-O O-O 13.b4 Rac8 14.Rfc1 Na7 15.Ne5 Nb5
16.Nxb5 Qxb5 17.f3 Qa4 18.Bg5 Bd6 19.Bxf6 gxf6 20.Ng4 Kg7 21.e4 dxe4 22.fxe4 Qb5
23.Qf3 Qg5 24.Rf1 Be7 25.Rad1 h5 26.Nf2 Bd6 27.e5 fxe5 28.Ne4 Qe7 29.Nxd6 Qxd6
30.Qf6+ Kh7 31.dxe5 Qc6 32.Qg5 Qe4 33.Rf6  1-0

[Event "TCh-CZE Extraliga 2013-14"]
[Site "Prague CZE"]
[Date "2013.11.02"]
[Round "1.1"]
[White "Manik,M"]
[Black "Korobov,A"]
[Result "0-1"]
[WhiteElo "2404"]
[BlackElo "2713"]

1.e4 c5 2.Nf3 d6 3.d4 cxd4 4.Nxd4 Nf6 5.Nc3 a6 6.Bg5 Nbd7 7.f4 Qc7 8.Qf3 g6
9.O-O-O Bg7 10.Kb1 O-O 11.Be2 b5 12.Bxf6 Nxf6 13.e5 dxe5 14.fxe5 Bb7 15.exf6 Bxf3
16.fxg7 Bxg2 17.gxf8=Q+ Rxf8 18.Rhg1 Qxh2 19.Bf3 Bxf3 20.Nxf3 Qf4 21.Ng5 Kg7
22.Nd5 Qe5 23.Nf3 Qh5 24.Rd3 e6 25.Nc3 Qf5 26.a3 h6 27.Nd4 Qf2 28.Rgd1 g5
29.Ne4 Qg2 30.Nc5 Rc8 31.b4 g4 32.Re3 h5 33.Ndxe6+ fxe6 34.Rxe6 Rf8 35.Rdd6 Qf1+
36.Kb2 Qf5 37.Rd7+ Rf7 38.Rdd6 g3  0-1

[Event "TCh-CZE Extraliga 2013-14"]
[Site "Lysa nad Labem CZE"]
[Date "2013.11.03"]
[Round "2.1"]
[White "Korobov,A"]
[Black "Landa,K"]
[Result "1/2-1/2"]
[WhiteElo "2713"]
[BlackElo "2638"]

1.d4 Nf6 2.c4 e6 3.Nf3 b6 4.g3 Bb7 5.Bg2 Be7 6.O-O O-O 7.Re1 Ne4 8.Nfd2 d5
9.Nc3 f5 10.cxd5 exd5 11.Ndxe4 dxe4 12.Bf4 Bd6 13.Bxd6 cxd6 14.Rc1 d5 15.e3 Nc6
16.Qb3 Rf7 17.h4 Qd7 18.Qxd5 Qxd5 19.Nxd5 Nxd4 20.Nf4 Nf3+ 21.Bxf3 exf3 22.Red1 Rc8
23.Rxc8+  1/2-1/2

[Event "World Teams 2013"]
[Site "Antalya TUR"]
[Date "2013.12.05"]
[Round "9.2"]
[White "Korobov,A"]
[Black "Akopian,Vl"]
[Result "1-0"]
[WhiteElo "2713"]
[BlackElo "2681"]

1.d4 d5 2.c4 c6 3.Nc3 Nf6 4.e3 Bf5 5.cxd5 cxd5 6.Qb3 Nc6 7.Qxb7 Bd7 8.Qb3 Rb8
9.Qd1 e5 10.Nf3 Bd6 11.Be2 O-O 12.O-O Qe7 13.b3 e4 14.Ne1 Bc7 15.Na4 Ne5
16.Nc5 Bb5 17.Bxb5 Rxb5 18.a4 Rb6 19.Ba3 Neg4 20.g3 Bd6 21.h3 Nh6 22.Ng2 g5
23.b4 Nf5 24.b5 h5 25.Qe2 h4 26.g4 Ng7 27.Rfc1 Nd7 28.Qa2 Nf6 29.Rab1 Rfb8
30.Bb4 Ne6 31.Nxe6 fxe6 32.Bc5 R6b7 33.Qa3 Ne8 34.Rc3 a6 35.Rcb3 axb5 36.Rxb5 Rxb5
37.axb5 Qd7 38.Qa6 Kf7 39.Ne1 Ke7 40.b6 Qb7 41.Qb5 Qd7 42.Qa5 Qb7 43.Nc2  1-0

[Event "Vladimir Dvorkovich Mem 2014"]
[Site "Taganrog RUS"]
[Date "2014.01.18"]
[Round "1.1"]
[White "Korobov,A"]
[Black "Zakharov,AI"]
[Result "0-1"]
[WhiteElo "2723"]
[BlackElo "2324"]

1.d4 Nf6 2.c4 e6 3.Nc3 Bb4 4.e3 O-O 5.Bd3 c5 6.Nf3 d5 7.O-O Nc6 8.a3 Bxc3
9.bxc3 Qc7 10.h3 b6 11.Bb2 dxc4 12.Bxc4 Bb7 13.Qe2 Rac8 14.Ba2 Na5 15.Rac1 c4
16.Ne5 Ne4 17.Rfe1 f6 18.Ng4 b5 19.f3 Ng5 20.Kh1 f5 21.Nh2 Nc6 22.Bb1 Ne7
23.a4 a6 24.Ba3 Rf6 25.e4 fxe4 26.fxe4 Rf4 27.d5 exd5 28.exd5 Nxd5 29.Qh5 b4
30.Bxb4 Nxb4 31.Qxg5 h6 32.Qg6 Nd3 33.Ng4 Qc6 34.Nxh6+ Kf8 35.Re6 Qxg2+ 36.Qxg2 Bxg2+
37.Kxg2 Nxc1 38.Ng4 Nd3 39.Rxa6 Nc5 40.Ra5 Nd3 41.Kg3 Rf1 42.Rh5 Rc5 43.Bxd3 Rg1+
44.Kf2 Rxh5 45.Bg6 Rxh3 46.Kxg1 Rg3+ 47.Kf2 Rxg4 48.Bh5 Rh4 49.Bf3 Ke7 50.a5 Rh2+
51.Ke3 Kd6 52.Kd4 Ra2 53.Kxc4 Rxa5 54.Kd4 Rf5 55.Be4 Rf1 56.c4 Rd1+ 57.Ke3 Ke5
58.Bd5 Ra1 59.Kf3 Kf5 60.Be4+ Ke5 61.Bd5 Rg1 62.Bb7 Rb1 63.Bd5 Rg1 64.Bb7 Rd1
65.Bd5 Rd4 66.Kg3 Kf5 67.Kf3 Rd3+ 68.Ke2 Ra3 69.Bc6 Ke5 70.Bf3 Kf4 71.Bd5 g5
72.Kf2 Ra2+ 73.Kf1 Rc2 74.Ke1 Ke3 75.Kf1 g4 76.Be6 Kf3 77.Bd5+ Kg3 78.Be6 Rf2+
79.Ke1 Rf4 80.Bd5 Kh2 81.Kd2 g3 82.Ke3 Rxc4  0-1

[Event "Vladimir Dvorkovich Mem 2014"]
[Site "Taganrog RUS"]
[Date "2014.01.19"]
[Round "2.24"]
[White "Bykova,Anastasia"]
[Black "Korobov,A"]
[Result "0-1"]
[WhiteElo "2097"]
[BlackElo "2723"]

1.d4 Nf6 2.Nf3 g6 3.Bg5 Bg7 4.Nbd2 d6 5.c3 h6 6.Bh4 g5 7.Bg3 Nh5 8.e4 e6
9.Ng1 Nxg3 10.hxg3 Nd7 11.Qc2 b6 12.Be2 Bb7 13.Ngf3 Qe7 14.O-O-O O-O-O 15.Rhe1 Kb8
16.Qa4 g4 17.Nh2 h5 18.Bb5 c5 19.Kb1 cxd4 20.cxd4 e5 21.d5 Nc5 22.Qa3 f5
23.Nhf1 fxe4 24.b4 Nd3 25.Bxd3 exd3 26.Qxd3 e4 27.Nb3 Rhe8 28.Qb5 Qe5 29.Rd2 Rc8
30.Ne3 Re7 31.Nc4 Qf6 32.Ne3 Rec7 33.Nd4 Rc3 34.Red1 Bh8 35.Qa4 h4 36.Nxg4 Qg7
37.Ne3 hxg3 38.Nef5 Qe5 39.Nxd6 gxf2 40.Nxc8 e3 41.Nd6 exd2 42.N6b5 Rc1+
43.Kb2 a6  0-1